|
|
|
|
| LEADER |
00000nam0a2200000 4500 |
| 001 |
251519 |
| 005 |
20231101232650.0 |
| 020 |
|
|
|a RU
|b 89-19484
|
| 035 |
|
|
|a (RuTPU)RU\TPU\book\273821
|
| 090 |
|
|
|a 251519
|
| 100 |
|
|
|a 20140221d1988 k y0rusy5003 ca
|
| 101 |
0 |
|
|a rus
|
| 102 |
|
|
|a RU
|
| 105 |
|
|
|a a z 001zy
|
| 200 |
1 |
|
|a Программно-целевое управление энергетикой региона
|f В. Н. Фролов [и др.]
|g Академия наук СССР (АН СССР), Уральское отделение
|
| 210 |
|
|
|a Свердловск
|c УрО АН СССР
|d 1988
|
| 215 |
|
|
|a 159 с.
|c ил.
|d 22 см
|
| 320 |
|
|
|a Библиогр.: с. 155-157 (66 назв.).
|
| 606 |
1 |
|
|a Энергетические предприятия
|x Управление
|x Автоматизация
|2 stltpush
|3 (RuTPU)RU\TPU\subj\60249
|9 77685
|
| 610 |
1 |
|
|a программно-целевые методы
|
| 610 |
1 |
|
|a топливно-энергетические ресурсы
|
| 610 |
1 |
|
|a планирование
|
| 610 |
1 |
|
|a экономико-математические модели
|
| 610 |
1 |
|
|a экономические объекты
|
| 610 |
1 |
|
|a СССР
|
| 610 |
1 |
|
|a регионы
|
| 610 |
1 |
|
|a Удмуртия
|
| 610 |
1 |
|
|a ТЭК
|
| 610 |
1 |
|
|a топливно-энергетический комплекс
|
| 675 |
|
|
|a 620.9:658.5
|z rus
|v 3
|
| 701 |
|
1 |
|a Фролов
|b В. Н.
|g Владимир Николаевич
|
| 701 |
|
1 |
|a Андреев
|b И. Д.
|g Игорь Дмитриевич
|
| 701 |
|
1 |
|a Имбирева
|b Ф. М.
|g Фаина Михайловна
|
| 701 |
|
1 |
|a Рыжков
|b В. П.
|g Виталий Петрович
|
| 701 |
|
1 |
|a Тестоедов
|b В. В.
|g Владимир Владимирович
|
| 701 |
|
1 |
|a Чернавин
|b П. Ф.
|g Павел Федорович
|
| 712 |
0 |
2 |
|a Академия наук СССР (АН СССР)
|b Уральское отделение
|2 stltpush
|3 (RuTPU)RU\TPU\col\11479
|
| 801 |
|
0 |
|a RU
|b RuMRKP
|c 19950417
|g psbo
|
| 801 |
|
1 |
|a RU
|b 63413507
|c 20140221
|
| 801 |
|
2 |
|a RU
|b 63413507
|c 20140303
|g RCR
|
| 942 |
|
|
|c BK
|